| 000 | 01193cam a2200217 4500 | ||
|---|---|---|---|
| 001 | ABS65625 | ||
| 008 | 020709n2002 000 0 eng u | ||
| 035 | _a(Sirsi) u118748 | ||
| 100 | _aHowlett, D. | ||
| 245 | 2 | _aA limited Service | |
| 260 | _c2002 | ||
| 490 |
_aAccountancy _v130(1307) 66-67(2) |
||
| 520 | _aLooks at the ASP or rented application market. Argues that companies should be wary of using ASP even for the non core business activities. For example in the HR and accounting areas the disadvantages outweigh the apparent advantages. Problems can occur here with companies not having formal management methodologies and processes to oversee these relationships. Further problems can occur with finding a particular provider that can help one's needs especially for the small to medium market. Argues there is a sizeable market to provide a model of application service delivery that matches customer expectations. | ||
| 590 | _aABS | ||
| 650 | _aRENTED APPLICATION MARKET | ||
| 650 | _aASP | ||
| 650 | _aMANAGEMENT-BUSINESS MANAGEMENT-FINANCIAL MANAGEMENT-ACCOUNTING | ||
| 650 | _aSMES | ||
| 690 | _aMANAGEMENT-BUSINESS MANAGEMENT-INFORMATION MANAGEMENT | ||
| 942 | _n0 | ||
| 999 |
_c70690 _d70690 |
||